[Event "FRA-chT4 1516"]
[Site "Champagne Ardennes"]
[Date "2016.03.13"]
[Round "6"]
[White "Fleurentin, Arnaud"]
[Black "Masera, Michel"]
[Result "1/2-1/2"]
[WhiteElo "1740"]
[BlackElo "1835"]
[PlyCount "112"]
[EventDate "2015.12.06"]
[EventType "team-tourn"]
[EventRounds "7"]
[EventCountry "FRA"]
[SourceTitle "EXT 2024"]
[Source "ChessBase"]
[SourceDate "2023.10.10"]
[SourceVersion "1"]
[SourceVersionDate "2023.10.10"]
[SourceQuality "1"]

1. c4 c5 2. Nc3 Nc6 3. g3 g6 4. Bg2 Bg7 5. Nf3 e6 6. 0-0 Nge7 7. d3 d5 8. cxd5 exd5 9. Bf4 0-0 10. Qd2 Be6 11. a3 Nf5 12. Ng5 Nfd4 13. Nxe6 fxe6 14. Qd1 Kh8 15. Bd2 Ne7 16. e3 Ndc6 17. Qc2 Ne5 18. f4 Ng4 19. Bh3 Nxe3 20. Bxe3 d4 21. Bd2 dxc3 22. Bxc3 Bd4+ 23. Bxd4+ Qxd4+ 24. Qf2 Nf5 25. Bxf5 Qxf2+ 26. Kxf2 exf5 27. Rfe1 Rfe8 28. b4 cxb4 29. axb4 a6 30. Re5 Red8 31. Ke3 Rd7 32. Rc1 Rad8 33. Rc3 Rd4 34. Re8+ Rxe8+ 35. Kxd4 Re7 36. Kd5 Kg8 37. Kd6 Re3 38. Kc7 b5 39. Kb6 Re6+ 40. Rc6 Re2 41. Kxa6 Rxh2 42. d4 Rh3 43. Rc3 h5 44. d5 Kf7 45. Kxb5 h4 46. Rc7+ Ke8 47. gxh4 Rxh4 48. Rg7 Rxf4 49. Rxg6 Rf1 50. Kc5 f4 51. b5 f3 52. Rf6 Kd7 53. Rf7+ Ke8 54. Rf5 Kd7 55. Kb6 f2 56. Rf6 Ke7 1/2-1/2

[Event "FRA-chT4 1516"]
[Site "Champagne Ardennes"]
[Date "2016.01.31"]
[Round "5"]
[White "Ambroise, Guillaume"]
[Black "Fleurentin, Arnaud"]
[Result "0-1"]
[WhiteElo "1630"]
[BlackElo "1740"]
[PlyCount "84"]
[EventDate "2015.12.06"]
[EventType "team-tourn"]
[EventRounds "7"]
[EventCountry "FRA"]
[SourceTitle "EXT 2024"]
[Source "ChessBase"]
[SourceDate "2023.10.10"]
[SourceVersion "1"]
[SourceVersionDate "2023.10.10"]
[SourceQuality "1"]

1. d4 Nf6 2. c4 g6 3. Nc3 Bg7 4. Nf3 0-0 5. e4 d6 6. Be2 e5 7. d5 a5 8. Bg5 h6 9. Bxf6 Bxf6 10. h4 Na6 11. Qd2 Bg7 12. 0-0-0 Nc5 13. Ne1 f5 14. f3 Bd7 15. Nd3 b6 16. Nxc5 bxc5 17. g4 fxg4 18. fxg4 Rf4 19. Rdg1 g5 20. hxg5 Qxg5 21. Rf1 Be8 22. Rxf4 exf4 23. Bd1 Bg6 24. Bc2 Bd4 25. Kb1 Qf6 26. Rxh6 Rb8 27. Ka1 Qg7 28. Rh3 Rf8 29. Qd3 Re8 30. Qf3 Bxc3 31. bxc3 Qe5 32. Rh6 Kg7 33. Qh1 Qxc3+ 34. Kb1 Rb8+ 35. Kc1 Qa1+ 36. Kd2 Qxh1 37. Rxh1 Rb2 38. Ra1 Bxe4 39. Rc1 Rxa2 40. Kd1 Bxc2+ 41. Rxc2 Rxc2 42. Kxc2 a4 0-1

[Event "FRA-chT4 1314"]
[Site "Champagne Ardennes"]
[Date "2014.01.12"]
[Round "4"]
[White "Fleurentin, Arnaud"]
[Black "Noizet, Donatien"]
[Result "1-0"]
[WhiteElo "1890"]
[BlackElo "1951"]
[PlyCount "51"]
[EventDate "2013.10.25"]
[EventType "team-tourn"]
[EventRounds "7"]
[EventCountry "FRA"]
[SourceTitle "EXT 2024"]
[Source "ChessBase"]
[SourceDate "2023.10.10"]
[SourceVersion "1"]
[SourceVersionDate "2023.10.10"]
[SourceQuality "1"]

1. c4 e5 2. Nc3 Nf6 3. g3 Bc5 4. Bg2 d6 5. e3 c6 6. Nge2 Be6 7. b3 Nbd7 8. 0-0 0-0 9. Bb2 Bb6 10. d4 exd4 11. Nxd4 Ne5 12. Nxe6 fxe6 13. Ba3 Bc7 14. Qc2 Re8 15. Rad1 Qb8 16. Ne4 Nxe4 17. Bxe4 h6 18. f4 Ng4 19. Qe2 Nf6 20. Bg6 Rd8 21. g4 d5 22. g5 hxg5 23. fxg5 Bxh2+ 24. Kh1 Qg3 25. gxf6 Qxg6 26. f7+ 1-0

[Event "FRA-chT4 0304"]
[Site "Champagne Ardenne"]
[Date "2004.03.14"]
[Round "6"]
[White "Fleurentin, Arnaud"]
[Black "Meyer, Caroline"]
[Result "1-0"]
[WhiteElo "1880"]
[BlackElo "1499"]
[PlyCount "53"]
[EventDate "2003.10.??"]
[EventRounds "6"]
[EventCountry "FRA"]
[SourceTitle "EXT 2005"]
[Source "ChessBase"]
[SourceDate "2004.11.15"]
[SourceVersion "1"]
[SourceVersionDate "2004.11.15"]
[SourceQuality "1"]

1. e4 g6 2. d4 d6 3. f4 Bg7 4. Nf3 Nf6 5. Nc3 0-0 6. Bd3 Nc6 7. 0-0 Re8 8. e5 dxe5 9. fxe5 Ng4 10. h3 Nh6 11. Be3 Nf5 12. Bxf5 Bxf5 13. g4 Be6 14. d5 Bd7 15. dxc6 Bxc6 16. Qd4 e6 17. Rad1 Qe7 18. Bg5 Qd7 19. Qxd7 Bxd7 20. Rxd7 Rec8 21. Rfd1 h6 22. Bf6 Bf8 23. Ne4 c6 24. Nd6 Rcb8 25. Nxf7 Bc5+ 26. Kg2 Rf8 27. Nxh6# 1-0

[Event "FRA-chT4 0304"]
[Site "Champagne Ardenne"]
[Date "2004.01.18"]
[Round "4"]
[White "Melin, Georges"]
[Black "Fleurentin, Arnaud"]
[Result "0-1"]
[WhiteElo "1720"]
[BlackElo "1880"]
[PlyCount "86"]
[EventDate "2003.10.??"]
[EventRounds "6"]
[EventCountry "FRA"]
[SourceTitle "EXT 2005"]
[Source "ChessBase"]
[SourceDate "2004.11.15"]
[SourceVersion "1"]
[SourceVersionDate "2004.11.15"]
[SourceQuality "1"]

1. Nf3 Nf6 2. e3 e6 3. b3 c5 4. Bb2 Be7 5. Be2 Nc6 6. 0-0 0-0 7. d3 d5 8. Nbd2 b6 9. d4 cxd4 10. Nxd4 Bb7 11. N2f3 Rc8 12. Rc1 Nxd4 13. Nxd4 Bc5 14. a3 a5 15. Bb5 Qe7 16. a4 Ne4 17. Qg4 f5 18. Qd1 Bb4 19. f3 Nc3 20. Qd3 f4 21. exf4 Rxf4 22. Rfe1 Rxd4 23. Qxd4 Bc5 24. Bxc3 Bxd4+ 25. Bxd4 Qd6 26. Re5 Rc7 27. Rce1 Bc8 28. c3 Kf7 29. R1e3 g6 30. f4 Qa3 31. Bxb6 Rxc3 32. Bxa5 Rxb3 33. Re1 Rxb5 34. axb5 Qxa5 35. Rb1 Qb6+ 36. Kh1 Bd7 37. Re2 Ke7 38. Ra2 Bc8 39. g4 Bb7 40. h4 d4+ 41. Kh2 Qc7 42. Kg3 Qc3+ 43. Kf2 Qf3+ 0-1

[Event "FRA-chT4 0203"]
[Site "Champagne Ardenne"]
[Date "2002.10.13"]
[Round "1"]
[White "Fleurentin, Arnaud"]
[Black "Lambert, Adrien"]
[Result "1/2-1/2"]
[WhiteElo "1790"]
[BlackElo "1960"]
[PlyCount "71"]
[EventDate "2002.10.02"]
[EventType "team"]
[EventRounds "7"]
[EventCountry "FRA"]
[SourceTitle "EXT 2005"]
[Source "ChessBase"]
[SourceDate "2004.11.15"]
[SourceVersion "1"]
[SourceVersionDate "2004.11.15"]
[SourceQuality "1"]

1. e4 d6 2. d4 Nf6 3. Nc3 g6 4. f4 Bg7 5. Nf3 c5 6. dxc5 Qa5 7. Bb5+ Bd7 8. Bxd7+ Nbxd7 9. 0-0 Qxc5+ 10. Kh1 0-0 11. Qe2 a6 12. Bd2 e6 13. a3 Rac8 14. Rad1 b5 15. Be3 Qc6 16. Qd3 Ne8 17. e5 d5 18. Nd4 Qc4 19. Qd2 b4 20. axb4 Qxb4 21. Nxd5 Qxd2 22. Ne7+ Kh8 23. Rxd2 Rc7 24. Nec6 Rb7 25. Nb3 Nb8 26. Nxb8 Rxb8 27. Ra1 Nc7 28. Rd7 Rfc8 29. Bc5 Nd5 30. Bd6 Rb6 31. Nc5 Rxb2 32. Rxf7 Kg8 33. Ra7 Rxc2 34. R7xa6 Nxf4 35. g3 Nh3 36. Nxe6 1/2-1/2